|
|
|
|
| LEADER |
00000cas a2200000 a 4500 |
| 001 |
vtls010129918 |
| 003 |
SK-MaSNL |
| 005 |
20260228160326.0 |
| 008 |
100908d19211923xo ar|p 0 b0hun |
| 040 |
|
|
|a SNK
|b slo
|c SNK
|e AACR2
|
| 041 |
0 |
|
|a hun
|
| 044 |
|
|
|a xo
|c SK
|
| 080 |
|
|
|a 050
|2 2001
|
| 080 |
|
|
|a (059)
|2 2011
|
| 245 |
0 |
0 |
|a Tátra - naptár
|b az ... -ik kozozséges esztendore
|
| 260 |
|
|
|a Igló
|b Szepesi Nyomda Részvénytársaság
|c 1921-1923
|
| 300 |
|
|
|a zv.
|c 23 cm
|
| 310 |
|
|
|a 1x ročne
|
| 362 |
0 |
|
|a Évf. 1 (1921)-évf. 3 (1923)
|
| 655 |
|
7 |
|a kalendáre
|2 SNKPH
|9 70450
|
| 752 |
|
|
|a Slovensko
|d Spišská Nová Ves
|
| 910 |
|
|
|a snk
|
| 999 |
|
|
|c 2152
|d 4082
|
| 952 |
|
|
|0 0
|1 0
|4 0
|7 0
|8 5
|a SNK
|b SNK
|d 2010-09-08
|i snkF 4275/79
|l 0
|o snkČSC 1066/1/1921
|p 17A0668716
|r 2026-02-21 19:54:48
|w 2026-02-21
|y PREZ
|
| 952 |
|
|
|0 0
|1 0
|4 0
|7 0
|8 3
|a SNK
|b SNK
|d 2010-09-08
|i snkK 2546/62
|l 0
|o snkČSC 1066/2/1922
|p 17A0668718
|r 2026-02-21 19:54:48
|w 2026-02-21
|y PREZ
|